000 00582nam a2200193 i 4500
001 41316
003 ES-MaACL
005 20230906160418.0
007 t|
008 030310s1973 sp ||||1| spa d
100 1 _aCasa Aruta, E.
_935983
245 1 0 _aProblemas de estadística descriptiva /
_cE. Casa Aruta ; prólogo de A. G. Barbancho.
250 _a3ª ed.
260 _aBarcelona :
_bVicens-Vives,
_c[1973]
300 _a206 p. :
_bgrab. ;
_c22 cm.
650 4 _aEstadística-
_vProblemas.
_9170343
700 1 _aBarbancho, Alfonso G.
_925380
852 _aES-MaACL
_jC-56284
999 _c41316
_d41316